000 01490nam a22003857a 4500
003 CHAP
005 20220817042123.0
008 971013s r 00010 d
010 _a35290
011 _a36262
035 _a40381
040 _cCHAP
082 _a630.972
_bM47 1969-70
110 _aMéxico. Secretaría de Agricultura y Ganadería
_977111
245 _aPlan nacional agrícola, ganadero y forestal
_b: etapa 1969-1970
260 _a(s.l. :
_bs.e.),
_c(s.a.)
300 _a556 p.
_b: ilus
590 _aBATCH-UPD
_b10
_c20130110
_lUCH01
_h1145
590 _aBATCH-UPD
_b10
_c20130410
_lUCH01
_h0730
590 _aBATCH-UPD
_b10
_c20130914
_lUCH01
_h0040
590 _aBATCH-UPD
_b10
_c20130914
_lUCH01
_h1927
590 _aCONVERSION
_b10
_c20130109
_lUCH01
_h1320
650 1 4 _aAgricultura
_xEstadisticas
_zMexico.
650 1 4 _aAgricultura
_zMéxico.
_91932
650 1 4 _aBosques
_xMéxico.
_914341
650 1 4 _aGanado
_xMéxico.
_944935
650 1 4 _aPolítica agrícola
_zMéxico.
901 _aBK
942 _cLIBRO
949 _a630.972 M47 1969-70
_bBC
_cC
_d33724002201199
_eC
_h16108
_i40381
_mD
_si
949 _a630.972 M47 1969-70
_bBC
_cLIBRO
_d33724000048500
_eLIBRO
_fc.2
_h16951
_i40381
_mD
_si
949 _a630.972 M47 1969-70
_bBC
_cLIBRO
_d33724000048518
_eLIBRO
_fc.5
_h51741
_i40381
_si
949 _a630.972 M47 1969-70
_bBC
_cLIBRO
_d33724000048526
_eLIBRO
_fc.4
_h51740
_i40381
_mD. Ing. Acosta
_si
949 _a630.972 M47 1969-70
_bBC
_cMUT
_d-92333
_eMUT
_fc.3
_h27651
_i40381
_mD
_si
999 _c35290
_d35290